| 000 | 01144nam a2200229Ia 4500 | ||
|---|---|---|---|
| 003 | Ost | ||
| 005 | 20260507075008.0 | ||
| 008 | 260507s9999||||xx |||||||||||||| ||und|| | ||
| 040 | _cfsecg | ||
| 041 | _aara | ||
| 082 | _a346.02 | ||
| 100 |
_aمنصور، محمد حسين _eمؤلف |
||
| 245 | 0 |
_aالعقود الدولية : _bماهية العقد الدولي و أنواعه و تطبيقاته / _c محمد حسين منصور |
|
| 260 |
_aالاسكندرية: _bدار الجامعة الجديدة للنشر, _c2006 |
||
| 300 |
_a525 صفحة؛ _c24 سم |
||
| 520 | _aماهية العقد الدولي و أنواعه و تطبيقاته، مفاوضات العقد و ابرامه، مضمونه و أثاره و انقضائه،الصياغة و الجوانب التقنية و الائتمانية و الالكترونية، الاختصاص القضائي و القانوني، التحكيم و قانون التجارة الدولية. | ||
| 653 | _aاتفاقيات الدولية | ||
| 653 | _aالعقود | ||
| 653 | _aالقانون الدولي | ||
| 653 | _aتجارة خارجية | ||
| 942 | _cكتاب | ||
| 999 |
_c42132 _d42132 |
||